Logo BPK

Biblioteka

Politechniki Koszalińskiej

Prüffähige statische Hochbauberechnungen in Zahlenbeispielen / (Rekord nr 8096)

Szczegóły MARC
000 -ETYKIETA REKORDU
podpole kontrolne o stałej długości 00361nam a2200145 i 4500
001 - NUMER KONTROLNY REKORDU
pole kontrolne bg
040 ## - ŹRÓDŁO KATALOGOWANIA
Instytucja, która utworzyła rekord BPK
041 ## - KOD JĘZYKA
Kod języka tekstu pol
080 ## - UNIWERSALNA KLASYFIKACJA DZIESIĘTNA - UKD
UKD 624.04
008 - POLE O STAŁEJ DŁUGOŚCI - DANE KONTROLNE
podpole kontrolne o stałej długości s pl f |000 0 pol
100 1# - NAZWA OSOBOWA
Nazwa osobowa ATROPS, Hans
245 #0 - TYTUŁ/ODPOWIEDZIALNOŚĆ
Tytuł Prüffähige statische Hochbauberechnungen in Zahlenbeispielen /
Pozostałe elementy strefy tytułu i oznaczenia odpowiedzialności H. Atrops.
260 ## - STREFA ADRESU WYDAWNICZEGO
Miejsce wydania Düsseldorf,
Data publikacji, dystrybucji/powstania dokumentu 1966.
856 ## - LOKALIZACJA I DOSTĘP DO ELEKTRONICZNYCH DOKUMENTÓW ZDALNYCH
Link (URL) http://koha.tu.koszalin.pl/cgi-bin/koha/opac-detail.pl?biblionumber=8096
Tekst linku Katalog online BPK
942 ## - DODATKOWE ELEMENTY (KOHA)
Typ dokumentu Książka
Egzemplarze
Wycofany Status egzemplarza Uszkodzony Dostępność Lokalizacja stała Lokalizacja bieżąca Miejsce przechowywania Sygnatura Kod kreskowy Typ dokumentu
      Dostępny Biblioteka Politechniki Koszalińskiej Biblioteka Politechniki Koszalińskiej Wypożyczalnia BG 4544 02194974 Książka
© 2023 Biblioteka Politechniki Koszalińskiej :: KOHA